แสดงรายละเอียดบรรณานุกรม
  กลับหน้าหลัก

Brief Record : Get Marc (ISO 2709) : E-mail record : QR code ปิดหน้าต่าง
E-books : เกี่ยวกับ Collections
LEADER 00000nas 2200000uu 4500
001    214099
003     ULIBM
008    240703s||||||||th 000 0 tha d
022    ^a0858-3080
090    ^aSERIALS [2563]
245 00 ^aวารสารเกื้อการุณย์=^bKuakarun journal of nursing/^cคณะพยาบาลศาสตร์เกื้อการุณย์ มหาวิทยาลัยนวมินทราธิราช
260    ^aกรุงเทพฯ :^bคณะพยาบาลศาสตร์เกื้อการุณย์ มหาวิทยาลัยนวมินทราธิราช,^c2563
310    ^aราย 6 เดือน
500    ^aวารสารเย็บเล่ม ;^v[ลำดับที่ 249]
650  4 ^aมหาวิทยาลัยนวมินทราธิราช.^bคณะพยาบาลศาสตร์เกื้อการุณย์^vวารสาร
650  4 ^aการพยาบาล^vวารสาร
850 ^a ULIBM^bปีที่ 27 ฉบับที่ 1 มกราคม - มิถุนายน 2563; ปีที่ 27 ฉบับที่ 2 กรกฎาคม - ธันวาคม 2563
999    ^aใช้งานได้ทุกระบบ
รายการนี้ยังไม่มีแท็ก
คุณยังไม่ได้ล็อกอิน คุณสามารถมีกิจกรรมร่วมกับเว็บไซต์ได้ แต่ต้องล็อกอินก่อน ::
  ล็อกอิน
ดูแบบ: กล่อง รายการ
BOUND
ปีที่ 27 ฉบับที่ 1 มกราคม - มิถุนายน 2563; ปีที่ 27 ฉบับที่ 2 กรกฎาคม - ธันวาคม 2563
สถานที่: วารสาร
   [แสดง 1/1 รายการ]
รายการใกล้เคียง
    หัวเรื่อง [การพยาบาล วารสาร]

BibComment


ยังไม่เคยถูกคอมเมนท์

คอมเมนท์ทรัพยากรรายการนี้
  คอมเมนท์: วารสารเกื้อการุณ..
Bib 214099

 
 
 

 Union Library Management : ULibM
Copyright 2026. All Rights Reserved.
скачать бесплатно без регистрации порно красивый секс HD Sex Hindi sex

xxx gou

xxxx

bfxxx

xxxwww

Секса Видео

xxxx

Секса Видео

detube

geilexxx

C99 Shell

worms shell

blod xxx video
Ebony Coed Rihanna Rimes Takes A Dick In Her Young Twat priyaa indian fuck anal and pusssy hardcore indian women xxx desi hardcore fucking part 1 bengalixxxcouple